00546nam a2200145Ia 4500008004100000100002000041245013600061245007000197260004700267260000900314300002500323500000900348650002300357650002000380170224s9999 xx 000 0 und d aJakob D. Jensen aEducational TV Consumption and Children’s Interest in Leisure Reading and Writing: A Test of the Validated Curriculum Hypothesis  cJakob D. Jensen, Nicole Martins, Jeremy Weaver & Chelsea Ratcliff bJournal of Broadcasting & Electronic Media cJune a60:2, Pages: 213-230 aJune xCommunication Arts xMultimedia Arts